International Seminar on Peace & Conflict Resolution 23-24 October 2013 (Record no. 16071)
[ view plain ]
| 000 -LEADER | |
|---|---|
| fixed length control field | 00579nam a22001457a 4500 |
| 003 - CONTROL NUMBER IDENTIFIER | |
| control field | OSt |
| 005 - DATE AND TIME OF LATEST TRANSACTION | |
| control field | 20170105102931.0 |
| 008 - FIXED-LENGTH DATA ELEMENTS--GENERAL INFORMATION | |
| fixed length control field | 140417b xxu||||| |||| 00| 0 eng d |
| 040 ## - CATALOGING SOURCE | |
| Original cataloging agency | 1 |
| 082 ## - DEWEY DECIMAL CLASSIFICATION NUMBER | |
| Classification number | 303.66 |
| Author Mark | NUS 2014 |
| 245 ## - TITLE STATEMENT | |
| Title | International Seminar on Peace & Conflict Resolution 23-24 October 2013 |
| 260 ## - PUBLICATION, DISTRIBUTION, ETC. | |
| Place of publication, distribution, etc. | Islamabad |
| Name of publisher, distributor, etc. | NUST |
| Date of publication, distribution, etc. | 2014 |
| 650 ## - SUBJECT ADDED ENTRY--TOPICAL TERM | |
| Topical term or geographic name entry element | Regional Peace with Focus on South Asia, Resolution of International Conflict, Peace Building and the United Nations, Experiences from UN Peacekeeping Missions in Africa, Lessons from UN Peacekeeping Operations |
| 942 ## - ADDED ENTRY ELEMENTS (KOHA) | |
| Source of classification or shelving scheme | |
| Koha item type | Book |
| Withdrawn status | Lost status | Damaged status | Not for loan | Collection code | Permanent Location | Current Location | Shelving location | Date acquired | Total Checkouts | Full call number | Barcode | Date last seen | Price effective from | Koha item type |
|---|---|---|---|---|---|---|---|---|---|---|---|---|---|---|
| Centre for International Peace & Stability (CIPS) | Centre for International Peace & Stability (CIPS) | General Stacks | 04/15/2014 | 303.66 NUS 2014 | CIPSD0000136 | 04/17/2014 | 04/17/2014 | Book |
